Missing Name(s) 2 - Statistics

General Stats
  • This quiz has been taken 10 times
  • The average score is 24 of 50
Answer Stats
Name(s) Missing Year Released Starring Movie % Correct
A Fish Called ____ 1988 Jamie Lee Curtis, Kevin Kline, John Cleese A Fish Called Wanda
100%
____ In Wonderland 2010 Johnny Depp, Mia Wasikowska, Helena Bonham Carter Alice In Wonderland
100%
____ And The Chocolate Factory 2005 Johnny Depp, Freddie Highmore, Helena Bonham Carter Charlie And The Chocolate Factory
100%
____ Unchained 2012 Jamie Foxx, Christoph Waltz, Leonardo DiCaprio Django Unchained
100%
Finding ____ 2003 Albert Brooks, Ellen DeGeneres, Alexander Gould (Voices) Finding Nemo
100%
G.I. ____: The Rise Of Cobra 2009 Channing Tatum, Sienna Miller, Marlon Wayans G.I. Joe: The Rise Of Cobra
100%
Kill ___ 2003/2004 Uma Thurman, David Carradine, Daryl Hannah Kill Bill
100%
Shallow ____ 2001 Jack Black, Gwyneth Paltrow, Jason Alexander Shallow Hal
100%
____ The Barbarian 2011 Jason Momoa, Stephen Lang, Rose McGowan Conan The Barbarian
90%
Wreck-It ____ 2012 John C. Reilly, Sarah Silverman, Jane Lynch (Voices) Wreck-It Ralph
90%
____ ____ & The Huntsman 2012 Kristen Stewart, Chris Hemsworth, Charlize Theron Snow White & The Huntsman
70%
King ____ 2021 Will Smith, Saniyya Sidney, Demi Singleton King Richard
70%
An American Tail: ____ Goes West 1991 Phillip Glasser, James Stewart, John Cleese (Voices) An American Tail: Fievel Goes West
60%
____ vs. ____ 2003 Robert Englund, Ken Kirzinger, Jesse Hutch Freddy vs. Jason
60%
____ & Company 1988 Joey Lawrence, Billy Joel, Bette Midler (Voices) Oliver & Company
60%
____ Pan & ____ 2023 Alexander Molony, Ever Anderson, Jude Law Peter Pan & Wendy
60%
___ 2011 Chris Hemsworth, Natalie Portman, Tom Hiddleston Thor
60%
I Now Pronounce You ____ & ____ 2007 Adam Sandler, Kevin James, Jessica Biel I Now Pronounce You Chuck & Larry
60%
The Chronicles Of Narnia: Prince ____ 2008 Ben Barnes, Georgie Henley, William Moseley The Chronicles Of Narnia: Prince Caspian
60%
____ And ____ 2011 Adam Sandler, Al Pacino, Katie Holmes Jack And Jill
50%
Black ____ 2022 Dwayne Johnson, Pierce Brosnan, Aldis Hodge Black Adam
50%
____: Legend Of The Seven Seas 2003 Brad Pitt, Catherine Zeta-Jones, Michelle Pfeiffer (Voices) Sinbad: Legend Of The Seven Seas
50%
I, ____ 2017 Margot Robbie, Sebastian Stan, Allison Janney I, Tonya
50%
Project Hail ____ 2026 Ryan Gosling, Sandra Hüller, Lionel Boyce Project Hail Mary
50%
____ In Real Life 2007 Steve Carrell, Juliette Binoche, Dane Cook Dan In Real Life
40%
____ And The Purple Crayon 2024 Zachary Levi, Lil Rey Howery, Zooey Deschanel Harold And The Purple Crayon
40%
____ The Giant Slayer 2013 Nicholas Hoult, Ewan McGregor, Stanley Tucci Jack The Giant Slayer
40%
____ 1998 Ming-Na Wen, Eddie Murphy, BD Wong (Voices) Mulan
40%
____ 2011 Seth Rogen (Voice), Simon Pegg, Nick Frost Paul
40%
Mr. Peabody & ____ 2014 Ty Burrell, Max Charles, Ariel Winter (Voices) Mr. Peabody & Sherman
40%
All About ____ 2009 Bradley Cooper, Sandra Bullock, Thomas Haden Church All About Steve
30%
____ 2011 Russell Brand, Greta Gerwig, Helen Mirren Arthur
30%
____ Ascending 2015 Mila Kunis, Channing Tatum, Eddie Redmayne Jupiter Ascending
30%
____ 2014 Scarlett Johansson, Morgan Freeman, Choi Min-sik Lucy
30%
____ 2019 Mena Massoud, Will Smith, Naomi Scott Aladdin
20%
____ ____ 2016 Matt Damon, Alicia Vikander, Tommy Lee Jones Jason Bourne
20%
____ ____ 2012 Taylor Kitsch, Mark Strong, Willem Dafoe John Carter
20%
____ ____ 2010 Josh Brolin, Megan Fox, John Malkovich Jonah Hex
20%
____'s Game 2017 Jessica Chastain, Idris Elba, Kevin Costner Molly's Game
20%
____ And The City Of A Thousand Planets 2017 Dane DeHaan, Cara Delevingne, Rihanna Valerian And The City Of A Thousand Planets
20%
The Legend Of ____ 2016 Alexander Skarsgård, Margot Robbie, Samuel L Jackson The Legend Of Tarzan
20%
Z For ____ 2015 Margot Robbie, Chiwetel Ejiofor, Chris Pine Z For Zachariah
20%
____ 2021 Emma Stone, Emma Thompson, Paul Walter Hauser Cruella
10%
____ ____ 2009 Michael Caine, Ben Drew, Emily Mortimer Harry Brown
10%
____ Goes West 2017 Aubrey Plaza, Elizabeth Olsen, O'Shea Jackson Jr. Ingrid Goes West
10%
____, Naked 2018 Rose Byrne, Ethan Hawke, Chris O'Dowd Juliet, Naked
10%
____ 17 2025 Robert Pattinson, Mark Ruffalo, Toni Collette Mickey 17
10%
____ ____ 2018 Taron Egerton, Jamie Foxx, Eve Hewson Robin Hood
10%
Good Luck To You, ____ ____ 2022 Emma Thompson, Daryl McCormack, Isabella Laughland Good Luck To You, Leo Grande
10%
xXx: Return Of ____ ____ 2017 Vin Diesel, Ruby Rose, Samuel L Jackson xXx: Return Of Xander Cage
10%
No matching quizzes found
Score Distribution
Percent of People with Each Score
Percentile by Number Answered
Your Score History
You have not taken this quiz